[Event "Women's Speed Chess Q3"]
[Site "chess.com INT"]
[Date "2021.05.30"]
[Round "9"]
[White "Antonova, Nadezhda"]
[Black "Vargas, Gabriela"]
[Result "1/2-1/2"]
[WhiteTitle "WFM"]
[BlackTitle "WIM"]
[WhiteElo "1877"]
[BlackElo "2170"]
[WhiteFideId "14700182"]
[BlackFideId "3700860"]
[EventDate "2021.05.30"]

1. b3 d5 2. Bb2 Nf6 3. g3 Bg4 4. Bg2 e6 5. Nf3 Be7 6. O-O O-O 7. d3 a5 8. a4 c5
9. Nbd2 Nc6 10. h3 Bh5 11. e4 dxe4 12. Nxe4 Bg6 13. Re1 Nxe4 14. dxe4 Qxd1 15.
Raxd1 Rfd8 16. Ne5 Nxe5 17. Bxe5 f6 18. Bc7 Rxd1 19. Rxd1 Kf7 20. Bb6 Ke8 21.
Bc7 e5 22. f4 c4 23. fxe5 Bc5+ 24. Kf1 Rc8 25. Bxa5 cxb3 26. cxb3 Bf7 27. Rd3 b6
28. Bd2 fxe5 29. Ke2 Bd4 30. Be3 Rc2+ 31. Rd2 Rxd2+ 32. Bxd2 Bxb3 33. a5 bxa5
34. Bxa5 Bc4+ 35. Ke1 Kf7 36. Bd2 Ke6 37. Bf1 Bb3 38. Bd3 h6 39. Ke2 Ba4 40. Be3
Bxe3 41. Kxe3 Bd1 42. Be2 Bc2 43. Bd3 Bb3 44. Kf3 g5 45. h4 Kf6 46. hxg5+ Kxg5
47. Kf2 Bd1 48. Bb1 Kg4 49. Bd3 h5 50. Bb1 h4 51. gxh4 Kxh4 52. Ke3 Kg4 53. Bd3
Kg3 54. Bb1 Bf3 55. Bd3 Bg4 56. Bc2 Kh4 57. Bd3 Kg5 58. Bc2 Kf6 59. Bd3 Ke6 60.
Bc2 Kd6 61. Kd3 Kc5 62. Kc3 Bf3 63. Bb1 Be2 64. Bc2 Bf3 65. Bb1 Bd1 66. Bd3 Ba4
67. Bb1 Bc6 68. Bc2 Kb5 69. Bd3+ Ka4 70. Bc2+ Ka3 71. Bd3 Ka2 72. Kc4 Kb2 73.
Kc5 Ba8 74. Kd6 Kc3 75. Kxe5 Kxd3 76. Kf4 Bxe4 1/2-1/2

[Event "Women's Speed Chess Q3"]
[Site "chess.com INT"]
[Date "2021.05.30"]
[Round "9"]
[White "Kazarian, Anna-Maja"]
[Black "Perez Rodriguez, Jennifer"]
[Result "1/2-1/2"]
[WhiteTitle "FM"]
[BlackTitle "WIM"]
[WhiteElo "2096"]
[BlackElo "2251"]
[WhiteFideId "1033689"]
[BlackFideId "3507831"]
[EventDate "2021.05.30"]

1. e4 e5 2. Nf3 Nc6 3. Bc4 Nf6 4. d3 Bc5 5. O-O d6 6. c3 a6 7. Bb3 Ba7 8. Be3 h6
9. Nbd2 O-O 10. Bxa7 Rxa7 11. d4 Ra8 12. h3 Re8 13. Re1 Nh7 14. Nf1 Ng5 15. Ng3
Qf6 16. Nxg5 Qxg5 17. Qf3 Re7 18. Rad1 Bd7 19. a3 Rae8 20. Bd5 Nd8 21. Nf5 Bxf5
22. exf5 c6 23. Bb3 e4 24. Qg4 Qxg4 25. hxg4 d5 26. c4 Rd7 27. cxd5 cxd5 28. Rc1
Nc6 29. Red1 e3 30. fxe3 Rxe3 31. Ba4 Rc7 32. Kf2 Re4 33. Kf3 Kf8 34. Bxc6 Rxc6
35. Rc5 Rxd4 36. Rxc6 Rxd1 37. Rc8+ Ke7 38. Rc7+ Kf6 39. Rxb7 Rd3+ 40. Ke2 Rg3
41. Rb6+ Ke5 42. Kf2 Rxg4 43. Rxa6 Rf4+ 44. Ke3 Rxf5 45. b4 Rg5 46. Kf3 d4 47.
Ra8 Rf5+ 48. Ke2 Rg5 49. Kf3 Rg6 50. Re8+ Kd5 51. b5 Kc5 52. Re5+ Kb6 53. a4 Rd6
54. Re2 d3 55. Rd2 Ka5 56. Ke4 Kxa4 57. Ke5 Rd8 58. b6 Rb8 59. Rxd3 Rxb6 60. Rd7
Rf6 61. Rb7 Ka5 62. g4 Rf2 63. Ke4 Ka6 64. Rb3 Rg2 65. Kf4 Rf2+ 66. Ke5 Rf6 67.
Ke4 Rb6 68. Rf3 Rb7 69. Rc3 Kb6 70. Kf5 Rc7 71. Rd3 Kc6 72. Rd8 Rd7 73. Rg8 g6+
74. Kf6 Kd5 75. Rh8 Ke4 76. Rxh6 Kf4 77. g5 Kg4 78. Rh1 Rc7 79. Rg1+ Kf4 80.
Rf1+ Ke4 81. Re1+ Kd5 82. Rd1+ Ke4 83. Re1+ Kf3 84. Rf1+ Kg4 85. Rg1+ Kf3 86.
Rf1+ Kg4 87. Rg1+ 1/2-1/2

[Event "Women's Speed Chess Q3"]
[Site "chess.com INT"]
[Date "2021.05.30"]
[Round "9"]
[White "Papp, Petra"]
[Black "Sikorova, Olga"]
[Result "0-1"]
[WhiteTitle "WGM"]
[BlackTitle "WGM"]
[WhiteElo "2336"]
[BlackElo "2215"]
[WhiteFideId "739049"]
[BlackFideId "307033"]
[EventDate "2021.05.30"]

1. e4 e6 2. d3 d5 3. Nd2 c5 4. Ngf3 Nc6 5. g3 d4 6. Bg2 e5 7. O-O f6 8. Nh4 Be6
9. f4 Be7 10. Nc4 Qc7 11. a4 O-O-O 12. a5 Bxc4 13. dxc4 Nxa5 14. b3 Nc6 15. Nf5
a6 16. Bd2 g6 17. Nxe7+ Ngxe7 18. fxe5 fxe5 19. Rf7 Rhf8 20. Qf1 Rxf7 21. Qxf7
Ng8 22. Qf2 Qe7 23. Rf1 Re8 24. h4 Nd8 25. Bg5 Qd6 26. Bh3+ Kb8 27. Qf3 h6 28.
Bxd8 Rxd8 29. Qf7 Ne7 30. Rf6 Qc7 31. Re6 Nc6 32. Qf6 Nb4 33. Re7 Qc6 34. Rxb7+
Kxb7 35. Qxd8 Nxc2 36. Be6 Nb4 37. Bd5 Nxd5 38. exd5 Qc7 39. Qf8 e4 40. Qe8 e3
41. Qe4 Qd7 42. Qd3 Qg4 43. Kg2 h5 44. b4 cxb4 45. c5 a5 46. c6+ Kc7 47. Qa6
Qe4+ 48. Kh3 Qxd5 49. Qb7+ Kd6 50. Qd7+ Ke5 51. Qxd5+ Kxd5 52. c7 e2 53. c8=Q
e1=Q 54. Qd7+ Kc4 55. Qc6+ Kd3 56. Qf3+ Kc2 57. Qg2+ Qd2 58. Qe4+ Kb3 59. Qxg6
a4 60. Qxh5 a3 61. Qd5+ Kb2 62. h5 b3 63. h6 Qxh6+ 64. Kg4 Qd2 65. Qc5 a2 66.
Kf5 a1=Q 67. g4 Qf2+ 68. Ke6 Qae1+ 69. Kd7 Qc3 70. Qd5 Qfg3 71. g5 Qgc7+ 72. Ke8
Q3c6+ 73. Qxc6 Qxc6+ 74. Ke7 Qd5 75. g6 Qg5+ 76. Kf7 Qxg6+ 77. Kxg6 d3 78. Kf5
d2 79. Ke4 d1=Q 80. Ke3 Qc2 81. Kd4 Kc1 82. Ke3 Qd2+ 0-1

[Event "Women's Speed Chess Q3"]
[Site "chess.com INT"]
[Date "2021.05.30"]
[Round "10"]
[White "Vargas, Gabriela"]
[Black "Petrova, Irina"]
[Result "1-0"]
[WhiteTitle "WIM"]
[BlackTitle "WIM"]
[WhiteElo "2170"]
[BlackElo "2110"]
[WhiteFideId "3700860"]
[BlackFideId "14124122"]
[EventDate "2021.05.30"]

1. d4 d6 2. Nf3 g6 3. Bg5 Bg7 4. c3 Nc6 5. Nbd2 Bg4 6. e4 h6 7. Bh4 g5 8. Bg3 e5
9. d5 Nce7 10. Qb3 Bc8 11. h3 f5 12. exf5 Nxf5 13. Bd3 Nxg3 14. fxg3 Nf6 15.
Bg6+ Ke7 16. O-O c6 17. dxc6 bxc6 18. Qf7# 1-0

[Event "Women's Speed Chess Q3"]
[Site "chess.com INT"]
[Date "2021.05.30"]
[Round "10"]
[White "Osmak, Iulija"]
[Black "Bivol, Alina"]
[Result "1/2-1/2"]
[WhiteTitle "IM"]
[BlackTitle "WGM"]
[WhiteElo "2425"]
[BlackElo "2385"]
[WhiteFideId "14101602"]
[BlackFideId "4100123"]
[EventDate "2021.05.30"]

1. b4 Nf6 2. Bb2 b6 3. e3 Bb7 4. Nf3 g6 5. Be2 Bg7 6. O-O O-O 7. c4 d6 8. d4 Ne4
9. Nc3 Nd7 10. Nxe4 Bxe4 11. Nd2 Bb7 12. Bf3 Bxf3 13. Qxf3 e5 14. b5 a6 15. a4
axb5 16. axb5 Rxa1 17. Rxa1 exd4 18. exd4 Qe7 19. Qe4 Qg5 20. Qe3 Qf5 21. Qe4
Qg5 22. Qe3 Qf5 23. Qe4 Qg5 1/2-1/2

[Event "Women's Speed Chess Q3"]
[Site "chess.com INT"]
[Date "2021.05.30"]
[Round "10"]
[White "Alboredo, Julia"]
[Black "Tarasova, Viktoriya"]
[Result "1-0"]
[WhiteTitle "WFM"]
[BlackTitle "WIM"]
[WhiteElo "2182"]
[BlackElo "2226"]
[WhiteFideId "2124807"]
[BlackFideId "4175840"]
[EventDate "2021.05.30"]

1. e4 c5 2. Nf3 d6 3. d4 cxd4 4. Nxd4 Nf6 5. Nc3 a6 6. a3 e5 7. Nf5 Bxf5 8. exf5
Nbd7 9. Bg5 Be7 10. Bc4 O-O 11. O-O b5 12. Bb3 Rc8 13. Qd2 Qc7 14. Rad1 Rfd8 15.
Kh1 Nb6 16. Bxf6 Bxf6 17. Nd5 Nxd5 18. Qxd5 Qe7 19. c3 Rc5 20. Qf3 e4 21. Qe3 d5
22. f3 a5 23. fxe4 dxe4 24. Rxd8+ Qxd8 25. Qxc5 1-0

[Event "Women's Speed Chess Q3"]
[Site "chess.com INT"]
[Date "2021.05.30"]
[Round "10"]
[White "Nanditha, V"]
[Black "Zaichenko, Daria"]
[Result "0-1"]
[WhiteTitle "WCM"]
[BlackTitle "WFM"]
[WhiteElo "1666"]
[BlackElo "2104"]
[WhiteFideId "46626697"]
[BlackFideId "4197453"]
[EventDate "2021.05.30"]

1. e4 c5 2. Nf3 Nc6 3. Bb5 d6 4. d4 Bd7 5. dxc5 dxc5 6. O-O e5 7. Bxc6 Bxc6 8.
Qxd8+ Rxd8 9. Nxe5 Bxe4 10. Re1 f5 11. f3 Bd6 12. Nc4 Nf6 13. Nxd6+ Rxd6 14.
fxe4 Nxe4 15. Nc3 O-O 16. Bf4 Rd4 17. Be5 Rd2 18. Nxe4 fxe4 19. Rxe4 Rff2 20.
Rg4 g6 21. Rf1 Rfe2 22. Bc3 Rxc2 23. Rgf4 Rxg2+ 24. Kh1 Rxh2+ 25. Kg1 Rcg2# 0-1

[Event "Women's Speed Chess Q3"]
[Site "chess.com INT"]
[Date "2021.05.30"]
[Round "10"]
[White "Froewis, Annika"]
[Black "Vine, Elzbieta"]
[Result "1-0"]
[WhiteTitle "WFM"]
[BlackTitle "WFM"]
[WhiteElo "2143"]
[BlackElo "2138"]
[WhiteFideId "1621432"]
[BlackFideId "1119320"]
[EventDate "2021.05.30"]

1. d4 d5 2. Nc3 c6 3. e4 dxe4 4. Nxe4 f5 5. Ng5 h6 6. Qh5+ Kd7 7. Nf7 Qa5+ 8.
Bd2 Qb6 9. Nxh8 Nf6 10. Qxf5+ e6 11. Qd3 Bd6 12. Nf7 Na6 13. Nxd6 Kxd6 14. O-O-O
Bd7 15. Qg3+ Ke7 16. Qxg7+ Kd6 17. Bf4+ Kd5 18. Qxf6 c5 19. c4+ Ke4 20. Qe5# 1-0

[Event "Women's Speed Chess Q3"]
[Site "chess.com INT"]
[Date "2021.05.30"]
[Round "10"]
[White "Nandhidhaa, P V"]
[Black "Grigoryan, Meri"]
[Result "0-1"]
[WhiteTitle "WGM"]
[BlackTitle "WFM"]
[WhiteElo "2365"]
[BlackElo "2044"]
[WhiteFideId "5050847"]
[BlackFideId "13300571"]
[EventDate "2021.05.30"]

1. b3 e5 2. Bb2 Nc6 3. Nf3 d6 4. d4 e4 5. d5 exf3 6. dxc6 fxe2 7. Qxe2+ Qe7 8.
cxb7 Bxb7 9. Qxe7+ Nxe7 10. Nd2 O-O-O 11. O-O-O f6 12. f3 Nf5 13. Bd3 Ne3 14.
Rdg1 d5 15. Bd4 Ba3+ 16. Kb1 Rhe8 17. Bxe3 Rxe3 18. Bxh7 Ba6 19. Bf5+ Kb8 20.
Rd1 Re2 21. Bd3 Bxd3 22. cxd3 Rxg2 23. Rhg1 Rxh2 24. Rxg7 Bb4 25. Nf1 Rf2 26.
Ne3 c6 27. Nc2 Bc3 28. Rg3 Rh8 29. d4 Rhh2 30. f4 Rxc2 0-1

[Event "Women's Speed Chess Q3"]
[Site "chess.com INT"]
[Date "2021.05.30"]
[Round "10"]
[White "Li, Xueyi"]
[Black "Antonova, Nadezhda"]
[Result "1-0"]
[WhiteTitle "WGM"]
[BlackTitle "WFM"]
[WhiteElo "2328"]
[BlackElo "1877"]
[WhiteFideId "8605912"]
[BlackFideId "14700182"]
[EventDate "2021.05.30"]

1. d4 Nf6 2. c4 g6 3. g3 Bg7 4. Bg2 O-O 5. Nc3 d6 6. Nf3 Nc6 7. O-O a6 8. b3 Rb8
9. Bb2 b5 10. cxb5 axb5 11. Rc1 b4 12. Na4 Bd7 13. d5 Na7 14. Nd4 Bxa4 15. bxa4
Qd7 16. Nc6 Nxc6 17. Rxc6 Ra8 18. Qc2 Rfc8 19. Rc1 Ne8 20. Bxg7 Kxg7 21. Qb2+
Kg8 22. Qxb4 Rcb8 23. Qc4 Ra5 24. h4 h5 25. Ra6 Rxa6 26. Qxa6 Rb4 27. a5 Qb5 28.
Qa8 Kg7 29. a6 Ra4 30. a7 Qb6 31. Qxe8 Rxa7 32. Qxe7 Rxa2 33. Bh3 Rxe2 34. Qxe2 1-0

[Event "Women's Speed Chess Q3"]
[Site "chess.com INT"]
[Date "2021.05.30"]
[Round "10"]
[White "Doluhanova, Evgeniya"]
[Black "Zaksaite, Salomeja"]
[Result "1-0"]
[WhiteTitle "WGM"]
[BlackTitle "WIM"]
[WhiteElo "2207"]
[BlackElo "2202"]
[WhiteFideId "14112035"]
[BlackFideId "12801496"]
[EventDate "2021.05.30"]

1. e4 c5 2. Nf3 e6 3. d4 cxd4 4. Nxd4 Nf6 5. Nc3 Nc6 6. Nxc6 bxc6 7. Bd3 d5 8.
O-O d4 9. Ne2 e5 10. c3 dxc3 11. Nxc3 Be7 12. h3 O-O 13. Be3 Be6 14. Rc1 Qb8 15.
b3 Rd8 16. Qe2 a5 17. Na4 Nd7 18. Rxc6 Qb4 19. Rfc1 h6 20. Rc7 Qa3 21. Qb2 Qxb2
22. Nxb2 Ba3 23. R1c2 Bxb2 24. Rxb2 a4 25. Bc4 axb3 26. axb3 Ra1+ 27. Kh2 Bxc4
28. bxc4 Ra4 29. c5 Rc4 30. Rd2 1-0

[Event "Women's Speed Chess Q3"]
[Site "chess.com INT"]
[Date "2021.05.30"]
[Round "10"]
[White "Assaubayeva, Bibisara"]
[Black "Cori T., Deysi"]
[Result "0-1"]
[WhiteTitle "IM"]
[BlackTitle "WGM"]
[WhiteElo "2381"]
[BlackElo "2388"]
[WhiteFideId "13708694"]
[BlackFideId "3801934"]
[EventDate "2021.05.30"]

1. d4 Nf6 2. c4 g6 3. Nc3 Bg7 4. e4 d6 5. Be2 O-O 6. Be3 a6 7. Nf3 Bg4 8. O-O
Nfd7 9. h3 Bxf3 10. Bxf3 c5 11. d5 b5 12. cxb5 axb5 13. Nxb5 Bxb2 14. Rb1 Bg7
15. a4 Na6 16. Be2 Nb4 17. Qd2 Qa5 18. Bh6 Qxa4 19. Bxg7 Kxg7 20. Qg5 Nf6 21. e5
dxe5 22. Qxe5 Nxd5 23. Bf3 Rad8 24. Bxd5 Rxd5 25. Qxe7 Re8 26. Qb7 Rd7 27. Qf3
Qe4 28. Qc3 Qe5 29. Qc4 Qf5 30. Rbd1 Rxd1 31. Rxd1 Re4 32. Qc2 Rf4 33. Qe2 Re4
34. Qc2 Re1+ 0-1

[Event "Women's Speed Chess Q3"]
[Site "chess.com INT"]
[Date "2021.05.30"]
[Round "10"]
[White "Ziegenfuss, Antonia"]
[Black "Kazarian, Anna-Maja"]
[Result "0-1"]
[WhiteTitle "WFM"]
[BlackTitle "FM"]
[WhiteElo "2157"]
[BlackElo "2096"]
[WhiteFideId "12962554"]
[BlackFideId "1033689"]
[EventDate "2021.05.30"]

1. d4 d5 2. c4 c6 3. Nc3 Nf6 4. cxd5 cxd5 5. f3 Nc6 6. e4 dxe4 7. d5 Ne5 8. fxe4
e6 9. Nf3 Nxf3+ 10. Qxf3 Bb4 11. Bb5+ Bd7 12. Bxd7+ Qxd7 13. O-O exd5 14. e5
Bxc3 15. bxc3 Ne4 16. Ba3 Rc8 17. Rac1 Qe6 18. c4 Qxe5 19. Rfe1 f5 20. cxd5 Qd4+
21. Kh1 Rxc1 22. Bxc1 O-O 23. Be3 Qxd5 24. Bxa7 Qxa2 25. Bg1 b5 26. Qd3 Qc4 27.
Qb1 b4 28. Rc1 Nc3 29. Qb2 Re8 30. h3 Re2 31. Qa1 Qe4 32. Qa7 Qxg2# 0-1

[Event "Women's Speed Chess Q3"]
[Site "chess.com INT"]
[Date "2021.05.30"]
[Round "10"]
[White "Sliwicka, Alicja"]
[Black "Voit, Daria"]
[Result "0-1"]
[WhiteTitle "WIM"]
[BlackTitle "WGM"]
[WhiteElo "2346"]
[BlackElo "2360"]
[WhiteFideId "1150677"]
[BlackFideId "4182146"]
[EventDate "2021.05.30"]

1. e4 c6 2. d4 d5 3. e5 Bf5 4. c4 e6 5. Nc3 Ne7 6. a3 Nd7 7. c5 b6 8. b4 f6 9.
f4 g5 10. exf6 Nxf6 11. fxg5 Ne4 12. Nxe4 Bxe4 13. Nf3 a5 14. Be3 Bg7 15. Bd3
Bxf3 16. Qxf3 Rf8 17. Qh5+ Kd7 18. b5 bxc5 19. dxc5 Bxa1 20. Qxh7 Bc3+ 21. Ke2
Rb8 22. b6 Rh8 23. Qf7 Qf8 24. g6 Qxf7 25. gxf7 Rbf8 26. Rf1 e5 27. h3 e4 28.
Bb1 Ke6 29. Rc1 Bb2 30. Rc2 Bxa3 31. Bf4 Rxf7 32. Bd6 Nf5 33. Bf4 Nd4+ 34. Kd2
Nxc2 35. Bxc2 Bxc5 0-1

[Event "Women's Speed Chess Q3"]
[Site "chess.com INT"]
[Date "2021.05.30"]
[Round "10"]
[White "Mkrtchian, Lilit"]
[Black "Padmini, Rout"]
[Result "1/2-1/2"]
[WhiteTitle "IM"]
[BlackTitle "IM"]
[WhiteElo "2388"]
[BlackElo "2370"]
[WhiteFideId "13300601"]
[BlackFideId "5029295"]
[EventDate "2021.05.30"]

1. e4 c5 2. Nc3 e6 3. Nge2 Nc6 4. d4 cxd4 5. Nxd4 Qc7 6. Be3 a6 7. a3 Nf6 8. f4
d6 9. Qf3 Bd7 10. O-O-O Nxd4 11. Rxd4 Bc6 12. g4 e5 13. Rd2 exf4 14. Qxf4 Nd7
15. g5 Ne5 16. Nd5 Bxd5 17. exd5 Be7 18. Kb1 O-O 19. Bd3 Nxd3 20. Rxd3 f5 21.
Bd4 Rae8 22. Re3 Bd8 23. Rhe1 Rxe3 24. Qxe3 Qc4 25. Qe6+ Kh8 26. Qxd6 Rg8 27. c3
Qd3+ 28. Ka1 Bxg5 29. Re6 Qf1+ 30. Ka2 Qc4+ 31. Ka1 Qf1+ 32. Ka2 Qc4+ 33. Ka1
Qf1+ 1/2-1/2

[Event "Women's Speed Chess Q3"]
[Site "chess.com INT"]
[Date "2021.05.30"]
[Round "10"]
[White "Dauletova, Gulmira"]
[Black "Sviridova, Vlada"]
[Result "1-0"]
[WhiteTitle "WGM"]
[BlackTitle "WFM"]
[WhiteElo "2285"]
[BlackElo "2144"]
[WhiteFideId "13702971"]
[BlackFideId "24109606"]
[EventDate "2021.05.30"]

1. e4 e6 2. d4 d5 3. Nd2 c5 4. Ngf3 cxd4 5. Nxd4 Nc6 6. Bb5 Bd7 7. Nxc6 bxc6 8.
Bd3 Bd6 9. Qe2 Ne7 10. O-O Ng6 11. Nf3 Nf4 12. Bxf4 Bxf4 13. e5 O-O 14. g3 Bh6
15. h4 g6 16. h5 Rb8 17. b3 c5 18. Kg2 d4 19. Rh1 Bg7 20. Be4 Qc7 21. Rh4 Bxe5
22. hxg6 fxg6 23. Bxg6 hxg6 24. Nxe5 Bc6+ 25. Kh2 Rf6 26. f4 Bd5 27. Qg4 Kg7 28.
Qg5 Rff8 29. Qxg6# 1-0

[Event "Women's Speed Chess Q3"]
[Site "chess.com INT"]
[Date "2021.05.30"]
[Round "10"]
[White "Pourkashiyan, Atousa"]
[Black "Zhuravleva, Olga"]
[Result "0-1"]
[WhiteTitle "WGM"]
[BlackTitle "WIM"]
[WhiteElo "2322"]
[BlackElo "2278"]
[WhiteFideId "12502014"]
[BlackFideId "4145933"]
[EventDate "2021.05.30"]

1. e4 e5 2. Nf3 Nc6 3. Bb5 f5 4. Nc3 Nf6 5. Qe2 Bc5 6. exf5 Qe7 7. d3 O-O 8. Bg5
Nd4 9. Nxd4 Bxd4 10. O-O c6 11. Ba4 d5 12. Qf3 Qb4 13. Bb3 Bxc3 14. bxc3 Qxc3
15. Rae1 h6 16. Bh4 Ne8 17. Qg3 Rxf5 18. Re2 Bd7 19. Rfe1 Nd6 20. Rxe5 Raf8 21.
Rxf5 Nxf5 22. Qe5 Qxe5 23. Rxe5 Nxh4 24. Re7 Rf7 25. Re2 Nf5 26. g3 Nd4 27. Re1
Bh3 28. Rb1 Nf3+ 29. Kh1 Nd2 30. Rd1 Rxf2 31. c4 Nf3 32. cxd5 Rxh2# 0-1

[Event "Women's Speed Chess Q3"]
[Site "chess.com INT"]
[Date "2021.05.30"]
[Round "10"]
[White "Golubenko, Valentina"]
[Black "Pandey, Srishti"]
[Result "0-1"]
[WhiteTitle "WGM"]
[BlackTitle "WFM"]
[WhiteElo "2209"]
[BlackElo "2026"]
[WhiteFideId "4501993"]
[BlackFideId "35093290"]
[EventDate "2021.05.30"]

1. d4 Nf6 2. g3 c5 3. Bg2 cxd4 4. Nf3 Nc6 5. Nxd4 g6 6. Nxc6 bxc6 7. c4 Bg7 8.
Nc3 O-O 9. O-O Bb7 10. Bf4 d5 11. cxd5 cxd5 12. Nb5 Ne4 13. Qb3 e5 14. Be3 d4
15. Bc1 Nc5 16. Qb4 Bxg2 17. Kxg2 Ne6 18. Bd2 Qd5+ 19. Kg1 Rfb8 20. a4 a6 21.
Rfc1 axb5 22. axb5 Rxa1 23. Rxa1 Bf8 24. Qa5 Qxb5 25. Qxb5 Rxb5 26. Bc1 f5 27.
Kg2 Kf7 28. f3 Rb7 29. Ra2 Nc5 30. Bd2 Nb3 31. Be1 e4 32. fxe4 fxe4 33. Bf2 d3
34. exd3 exd3 35. Be3 Bc5 36. Bxc5 Nxc5 37. Kf3 Re7 38. Ra5 d2 39. Rxc5 d1=Q+
40. Kg2 Re2+ 0-1

[Event "Women's Speed Chess Q3"]
[Site "chess.com INT"]
[Date "2021.05.30"]
[Round "10"]
[White "Linares Napoles, Oleiny"]
[Black "Bodnaruk, Anastasia"]
[Result "0-1"]
[WhiteTitle "WGM"]
[BlackTitle "IM"]
[WhiteElo "2255"]
[BlackElo "2457"]
[WhiteFideId "3504794"]
[BlackFideId "4181751"]
[EventDate "2021.05.30"]

1. d4 Nf6 2. Nf3 g6 3. Bf4 Bg7 4. e3 O-O 5. h3 d6 6. c4 Nfd7 7. Nc3 e5 8. Bh2
Nc6 9. Be2 h6 10. O-O f5 11. Rb1 g5 12. dxe5 dxe5 13. Nd5 g4 14. hxg4 fxg4 15.
Nd2 h5 16. Ne4 Nb6 17. a3 Be6 18. Nxb6 axb6 19. Qc2 Bf5 20. Rbd1 Qe7 21. Bd3
Rad8 22. Qc3 h4 23. Bc2 Bh6 24. Rxd8 Rxd8 25. b4 Re8 26. b5 Nb8 27. Rd1 Nd7 28.
Rd5 Bg7 29. Bd3 Be6 30. Rxd7 Bxd7 0-1

[Event "Women's Speed Chess Q3"]
[Site "chess.com INT"]
[Date "2021.05.30"]
[Round "10"]
[White "Swati, Mohota"]
[Black "Ribeiro, Regina"]
[Result "1-0"]
[WhiteTitle "WFM"]
[BlackTitle "WIM"]
[WhiteElo "2027"]
[BlackElo "1920"]
[WhiteFideId "5006511"]
[BlackFideId "2100681"]
[EventDate "2021.05.30"]

1. d4 Nf6 2. Nf3 d6 3. b3 g6 4. Bb2 Bg7 5. e3 O-O 6. Nbd2 Nbd7 7. c4 c6 8. Be2
Re8 9. O-O e5 10. dxe5 dxe5 11. e4 Nh5 12. Re1 Nf4 13. Bf1 Nc5 14. Qc2 Ncd3 15.
Re3 Nxb2 16. Qxb2 Bg4 17. h3 Bxf3 18. Nxf3 Qf6 19. Rd1 Ne6 20. Kh2 Nd4 21. Nxd4
exd4 22. Rf3 Qe5+ 23. g3 Qxe4 24. Bg2 Qe5 25. Rd2 Rad8 26. Qc2 h5 27. Rfd3 h4
28. f4 1-0

[Event "Women's Speed Chess Q3"]
[Site "chess.com INT"]
[Date "2021.05.30"]
[Round "10"]
[White "Komiagina, Maria"]
[Black "Priyanka, K"]
[Result "1-0"]
[WhiteTitle "WIM"]
[BlackTitle "WIM"]
[WhiteElo "2241"]
[BlackElo "2218"]
[WhiteFideId "4153987"]
[BlackFideId "5082986"]
[EventDate "2021.05.30"]

1. d4 Nf6 2. Nf3 g6 3. Bf4 Bg7 4. Nbd2 d6 5. e4 O-O 6. h3 b6 7. Bd3 Bb7 8. Qe2
Nbd7 9. O-O-O c5 10. e5 Nd5 11. Bg3 dxe5 12. dxe5 e6 13. Ne4 Qc7 14. Nd6 a6 15.
a3 b5 16. Be4 N7b6 17. Nxb7 Qxb7 18. h4 h5 19. Ng5 Qc7 20. f4 c4 21. c3 Rad8 22.
Rhf1 Ne7 23. Bf2 Nbd5 24. Bd4 a5 25. g4 hxg4 26. Qxg4 b4 27. axb4 axb4 28. h5
bxc3 29. bxc3 Qa5 30. hxg6 Qa3+ 31. Kd2 fxg6 32. Qxe6+ Kh8 33. Rh1+ Bh6 34.
Rxh6+ Kg7 35. Rh7# 1-0

[Event "Women's Speed Chess Q3"]
[Site "chess.com INT"]
[Date "2021.05.30"]
[Round "10"]
[White "Gevorgyan, Maria"]
[Black "Buksa, Nataliya"]
[Result "0-1"]
[WhiteTitle "WGM"]
[BlackTitle "IM"]
[WhiteElo "2219"]
[BlackElo "2414"]
[WhiteFideId "13300270"]
[BlackFideId "14123622"]
[EventDate "2021.05.30"]

1. e4 c5 2. Nc3 Nc6 3. Bb5 Nd4 4. Bc4 e6 5. Nf3 a6 6. a4 Ne7 7. Nxd4 cxd4 8. Ne2
d5 9. exd5 exd5 10. Bb3 Nc6 11. d3 Bg4 12. O-O Be7 13. f3 Be6 14. Nf4 Qd7 15.
Re1 O-O-O 16. Qe2 Bb4 17. Bd2 Bxd2 18. Qxd2 Rde8 19. a5 g5 20. Ne2 g4 21. Qf4
gxf3 22. Qxf3 Rhg8 23. Nf4 Rd8 24. Ra4 Kb8 25. Qf2 Ka8 26. Ne2 Bh3 27. g3 h5 28.
Nxd4 h4 29. Nxc6 Qxc6 30. Rxh4 Be6 31. Rb4 Rh8 32. Rb6 Qc7 33. c3 Rh5 34. d4
Rdh8 35. h4 Rg8 36. Kh2 Rxh4+ 37. Kg1 Rxg3+ 38. Kf1 Rf4 39. Bc2 Rxf2+ 40. Kxf2
Qf4+ 41. Ke2 Rg2+ 42. Kd3 Qd2# 0-1

[Event "Women's Speed Chess Q3"]
[Site "chess.com INT"]
[Date "2021.05.30"]
[Round "10"]
[White "Starosta, Martyna"]
[Black "Enkhtuul, Altan-Ulzii"]
[Result "0-1"]
[WhiteTitle "WCM"]
[BlackTitle "WGM"]
[WhiteElo "1910"]
[BlackElo "2228"]
[WhiteFideId "21818754"]
[BlackFideId "4901444"]
[EventDate "2021.05.30"]

1. e4 Nf6 2. e5 Nd5 3. d4 d6 4. c4 Nb6 5. exd6 exd6 6. Bd3 Be7 7. Nc3 Nc6 8.
Nge2 Bg4 9. Be3 O-O 10. O-O Bf6 11. f3 Re8 12. Bf2 Bh5 13. Rc1 Nb4 14. Bb1 a5
15. a3 Nc6 16. Bc2 Nxc4 17. Bb3 Nb6 18. Ne4 Bg6 19. N2g3 d5 20. Nc5 Qc8 21. Bc2
Nd7 22. Bxg6 hxg6 23. Qc2 Nxc5 24. Qxc5 Qd7 25. Rfe1 Rxe1+ 26. Rxe1 b6 27. Qb5
Rd8 28. Rc1 Nxd4 29. Qd3 Ne6 30. h3 c5 31. Ne2 c4 32. Qd1 b5 33. Nd4 Nxd4 34.
Bxd4 Qe7 35. Bxf6 Qxf6 36. Qe2 d4 37. Re1 d3 38. Qe4 d2 39. Rd1 Qxb2 40. Qh4
Qd4+ 41. Qxd4 Rxd4 0-1

[Event "Women's Speed Chess Q3"]
[Site "chess.com INT"]
[Date "2021.05.30"]
[Round "10"]
[White "Koridze, Lile"]
[Black "Samaganova, Alexandra"]
[Result "1-0"]
[WhiteTitle "WFM"]
[BlackTitle "WFM"]
[WhiteElo "2016"]
[BlackElo "1993"]
[WhiteFideId "13612514"]
[BlackFideId "13800221"]
[EventDate "2021.05.30"]

1. d4 Nf6 2. c4 e6 3. Nc3 Bb4 4. e3 b6 5. Nf3 Bb7 6. Bd3 O-O 7. O-O Bxc3 8. bxc3
Ne4 9. Nd2 Nxd2 10. Bxd2 d6 11. f4 Nd7 12. e4 c5 13. Kh1 Rc8 14. f5 exf5 15.
Rxf5 Qe7 16. Qf3 Rce8 17. Re1 g6 18. Bh6 Kh8 19. Bxf8 Rxf8 20. Rf4 f5 21. Qe2
cxd4 22. cxd4 Qg5 23. Rff1 Re8 24. d5 Nc5 25. Qb2+ Kg8 26. Qd4 Qd2 27. Rd1 Qg5
28. exf5 Bc8 29. fxg6 hxg6 30. Bb1 Re5 31. Qf2 Qe7 32. Bxg6 Rg5 33. Bf7+ Kg7 34.
Rde1 Qd8 35. Re8 Qd7 36. Qf6+ Kh7 37. Rh8# 1-0